000
00223nam a2200097Ia 4500
008
230907s9999||||xx |||||||||||||| ||und||
082
_a
658.87
_b
ELE
245
0
_a
Electronic commerce 2018 :
300
_a
636 p.
942
_c
BK
999
_c
599413
_d
599413